000 01219cam a2200349 a 4500
001 549
005 20230616095750.0
008 100614s2011 nyu c 000 1 eng
020 _a9781416998112 (pbk. : alk. paper)
040 _aDLC
_cDLC
_dDLC
_beng
050 0 0 _aPZ7.C76955
_bFou 2011
082 0 0 _a[Fic]
_222
100 1 _aCook, Eileen.
245 1 0 _aFourth grade fairy /
_cEileen Cook.
250 _a1st Aladdin pbk. ed.
260 _aNew York :
_bAladdin,
_c2011.
300 _a152 pages. ;
_c20 cm.
490 0 _aFourth grade fairy ;
_vBook 1
505 _aK
520 _aWhen fairy-godmother-in-training Willow's wish to attend a human school comes true, she finds getting along with humans to be harder than she expected, but her newly-acquired magical talent makes it easy to collaborate with animals.
521 1 _a550
_bLexile
521 1 _aK
_bRaz-Plus
650 1 _aFairies
_vFiction.
650 1 _aSchools
_vFiction.
650 1 _aHuman-animal communication
_vFiction.
650 1 _aSisters
_vFiction.
650 1 _aBest friends
_vFiction.
650 1 _aFriendship
_vFiction.
650 1 _aAnimals
_vFiction.
906 _a7
_bcbc
_corignew
_d1
_eecip
_f20
_gy-gencatlg
942 _2ddc
_cBK
_n0
999 _c549
_d549